000 00564nam a22001817a 4500
005 20231031115415.0
008 231031b |||||||| |||| 00| 0 eng d
020 _a9780409046052
041 _aEnglish
082 _a346.6 NAI
100 _aNaidoo, R
_lEnglish
245 _aCorporate Governance :
_bAn essential guide for South African Companies /
_cR Naidoo
250 _aSecond Edition
260 _aDurban :
_bLexisNexis,
_c2009
300 _bxxviii, 351 pages ;
_c25 cm.
650 _alegal practice
_bLaw
942 _cBK
_6ALISON_BN_VRIES
999 _c184
_d184